Statistics for Spell Mass*********

Click here to take the quiz!

General Stats

  • This quiz has been taken 70 times
  • The average score is 12 of 13

Answer Stats

% Correct
A
100%
M
100%
A
97%
C
97%
S
97%
S
97%
H
93%
U
93%
E
90%
S
90%
S
90%
T
90%
T
90%

Score Distribution

Percentile by Number Answered

Percent of People with Each Score

Your Score History

You have not taken this quiz